Un toro negro y enorme (Record no. 196783)

MARC details
000 -LEADER
campo de control de longitud fija 01588cam a22003854 4500
001 - NÚMERO DE CONTROL
campo de control 196783
005 - FECHA Y HORA DE LA ÚLTIMA TRANSACCIÓN
campo de control 20251218183238.0
008 - DATOS DE LONGITUD FIJA--INFORMACIÓN GENERAL
campo de control de longitud fija 241121s1994 sp | ||| ||spa
016 7# - NÚMERO DE CONTROL DE UNA AGENCIA BIBLIOGRÁFICA NACIONAL
Número de control del registro bimoBNE19940262897
Fuente SpMaBN
017 ## - NÚMERO DE COPYRIGHT O DE DEPÓSITO LEGAL
Número de copyright o de depósito legal M 18017-1994
Agencia que asigna Oficina Depósito Legal Madrid
020 ## - NÚMERO INTERNACIONAL ESTÁNDAR DEL LIBRO
Número Internacional Estándar del Libro 8460499960
035 ## - NÚMERO DE CONTROL DEL SISTEMA
Número de control de sistema (OCoLC)434266180
035 ## - NÚMERO DE CONTROL DEL SISTEMA
Número de control de sistema (SpMaBN)bimo0000415573
040 ## - FUENTE DE CATALOGACIÓN
Centro catalogador/agencia de origen SpMaBN
Lengua de catalogación spa
Centro/agencia transcriptor SpMaBN
Normas de descripción rdc
080 ## - NÚMERO DE LA CLASIFICACIÓN DECIMAL UNIVERSAL
Número de la Clasificación Decimal Universal 74 Prieto, Manolo
080 ## - NÚMERO DE LA CLASIFICACIÓN DECIMAL UNIVERSAL
Número de la Clasificación Decimal Universal 659.125.6(460)
245 03 - MENCIÓN DEL TÍTULO
Título Un toro negro y enorme
Medio [Texto impreso] :
Resto del título el toro Osborne, marca, símbolo, tótem, imagen universal
Mención de responsabilidad, etc. [coordinación editorial y notas biográficas, Ángel Hernando]
260 ## - PUBLICACIÓN, DISTRIBUCIÓN, ETC.
Lugar de publicación, distribución, etc. [Madrid
Nombre del editor, distribuidor, etc. España Abierta]
Fecha de publicación, distribución, etc. 1994
300 ## - DESCRIPCIÓN FÍSICA
Extensión 167 p.
Otras características físicas il. col. y n.
Dimensiones 31 x 31 cm
336 ## - TIPO DE CONTENIDO
Fuente rdacontent
Término de tipo de contenido texto
337 ## - TIPO DE MEDIO
Fuente rdamedia
Nombre/término del tipo de medio sin mediación
338 ## - TIPO DE SOPORTE
Fuente rdacarrier
Nombre/término del tipo de soporte volumen
500 ## - NOTA GENERAL
Nota general Catalogación Provisional. N-10202. Depósito J
594 ## - Nota al título y mención de responsabilidad
Nota al título y mención de responsabilidad Tít. tomado de la cub.
600 #0 - PUNTO DE ACCESO ADICIONAL DE MATERIA--NOMBRE DE PERSONA
Nombre de persona Prieto, Manolo,
Fechas asociadas al nombre 1912-1991
9 (RLIN) 239322
610 27 - PUNTO DE ACCESO ADICIONAL DE MATERIA--NOMBRE DE ENTIDAD CORPORATIVA
Nombre de entidad corporativa o nombre de jurisdicción como elemento de entrada Osborne y Cía
Subdivisión general Publicidad
Subdivisión de forma Historia
Fuente del encabezamiento o término embne
9 (RLIN) 239323
650 #0 - PUNTO DE ACCESO ADICIONAL DE MATERIA--TÉRMINO DE MATERIA
Término de materia o nombre geográfico como elemento de entrada Arte publicitario-
Subdivisión geográfica España
9 (RLIN) 239324
700 1# - ENTRADA AGREGADA--NOMBRE PERSONAL
Nombre de persona Hernando, Ángel
9 (RLIN) 239325
852 ## - LOCALIZACIÓN
Ubicación ES-MaACL
Ubicación en estantería Depósito J
Número de control de estantería N-10202
Anotaciones manuscritas Dedicatoria Autógrafa de Agapito Pageo
Donativo/Legado Donación: Agapito Pageo Ruzafa
Encuadernación Encuadernación cartoné
itemnumber 206329
903 ## - NOMBRE PERSONAL DE DONANTE
a Pageo Ruzafa, Agapito
e Donante
942 ## - ELEMENTOS DE ENTRADA SECUNDARIOS (KOHA)
Fuente del sistema de clasificación o colocación Clasificación decimal universal
Tipo de ítem Koha Libro impreso
Suprimir en OPAC No
Holdings
Estatus retirado Estado de pérdida Fuente del sistema de clasificación o colocación Estado de daño No para préstamo Colección Biblioteca de origen Biblioteca actual Ubicación en estantería Fecha de adquisición Fuente de adquisición Total de préstamos Signatura topográfica completa Código de barras Visto por última vez Precio de reemplazo Tipo de ítem Koha
    Clasificación decimal universal     Libros con dedicatorias Biblioteca del Ateneo de Madrid Biblioteca del Ateneo de Madrid Depósito J 22/07/2025 Donación   N-10202 2025-0714 22/07/2025 22/07/2025 Libro impreso